000 00551nam a22002057a 4500
003 OSt
005 20140311161021.0
008 130223t xxu||||| |||| 00| 0 eng d
020 _a9712328783
050 _aHF 5549.2.P6
_b.C66 2000
100 _aCorpuz, Crispina R.
245 _aPersonnel and human resource management /
_cCrispina R. Corpuz.
260 _aManila :
_bRex Book Store,
_c2000.
300 _a176 p. :
_c23 cm.
521 _aBSBA
650 _aPersonnel Management
942 _2lcc
_cBK
_kLOC
999 _c18556
_d18556